| 000 | 00505nam a22001697a 4500 | ||
|---|---|---|---|
| 003 | BD-ChCU | ||
| 005 | 20250925132956.0 | ||
| 008 | 250925b bg ||||| |||| 00| 0 ben d | ||
| 040 | _cBD-ChCU | ||
| 082 | _a910.4 SHT | ||
| 100 |
_aSHAMSUL HAQUE SHAIDAI _913310 |
||
| 245 |
_aThrough the car window : _ba journey by car from London to Calculla.// _cSHAIDAI SHAMSUL HAQUE |
||
| 260 |
_aDhaka _bPolwel Printing _c1980 |
||
| 300 | _axvi, 418p | ||
| 650 | 0 |
_bVoyages and Travels. _913311 |
|
| 942 |
_2ddc _cBK _n0 |
||
| 999 |
_c108178 _d108178 |
||